<?xml version="1.0" encoding="UTF-8"?>
<record
    xmlns:xsi="http://www.w3.org/2001/XMLSchema-instance"
    xsi:schemaLocation="http://www.loc.gov/MARC21/slim http://www.loc.gov/standards/marcxml/schema/MARC21slim.xsd"
    xmlns="http://www.loc.gov/MARC21/slim">

  <leader>01408nam a22002417a 4500</leader>
  <datafield tag="952" ind1=" " ind2=" ">
    <subfield code="0">0</subfield>
    <subfield code="1">0</subfield>
    <subfield code="2">lcc</subfield>
    <subfield code="4">0</subfield>
    <subfield code="7">0</subfield>
    <subfield code="a">20</subfield>
    <subfield code="b">20</subfield>
    <subfield code="d">2017-06-26</subfield>
    <subfield code="l">1</subfield>
    <subfield code="o">E178.1 L33 2013</subfield>
    <subfield code="p">20 003731</subfield>
    <subfield code="r">2024-05-18</subfield>
    <subfield code="s">2018-04-23</subfield>
    <subfield code="t">1</subfield>
    <subfield code="w">2017-06-26</subfield>
    <subfield code="y">LB</subfield>
  </datafield>
  <datafield tag="952" ind1=" " ind2=" ">
    <subfield code="0">0</subfield>
    <subfield code="1">0</subfield>
    <subfield code="2">lcc</subfield>
    <subfield code="4">0</subfield>
    <subfield code="7">0</subfield>
    <subfield code="a">13</subfield>
    <subfield code="b">13</subfield>
    <subfield code="d">2017-06-26</subfield>
    <subfield code="l">0</subfield>
    <subfield code="o">E178.1 L33 2013</subfield>
    <subfield code="p">13 005074</subfield>
    <subfield code="r">2025-04-16</subfield>
    <subfield code="t">1</subfield>
    <subfield code="w">2017-06-26</subfield>
    <subfield code="y">LB</subfield>
    <subfield code="f"></subfield>
  </datafield>
  <datafield tag="999" ind1=" " ind2=" ">
    <subfield code="c">102164</subfield>
    <subfield code="d">102164</subfield>
  </datafield>
  <controlfield tag="008">170626b        xxu||||| |||| 00| 0 spa d</controlfield>
  <datafield tag="020" ind1=" " ind2=" ">
    <subfield code="a">9786074685626</subfield>
  </datafield>
  <datafield tag="050" ind1=" " ind2=" ">
    <subfield code="a">E178.1</subfield>
    <subfield code="b">L33 2013</subfield>
  </datafield>
  <datafield tag="100" ind1=" " ind2=" ">
    <subfield code="a">Laboulaye, Eduardo</subfield>
    <subfield code="e">autor</subfield>
  </datafield>
  <datafield tag="245" ind1=" " ind2=" ">
    <subfield code="a">Historia de los Estados Unidos (Tomo II)</subfield>
    <subfield code="c"> / Eduardo Laboulaye</subfield>
  </datafield>
  <datafield tag="260" ind1=" " ind2=" ">
    <subfield code="a">M&#xE9;xico</subfield>
    <subfield code="b"> : Suprema Corte de Justicia de la Naci&#xF3;n</subfield>
    <subfield code="c"> , 2013</subfield>
  </datafield>
  <datafield tag="300" ind1=" " ind2=" ">
    <subfield code="a">470 p&#xE1;ginas</subfield>
  </datafield>
  <datafield tag="500" ind1=" " ind2=" ">
    <subfield code="a">Edici&#xF3;n original: Imprenta del Gobiero, en Palacio, a cargo de Jos&#xE9; M. Sandoval, 1870</subfield>
  </datafield>
  <datafield tag="500" ind1=" " ind2=" ">
    <subfield code="a">Edici&#xF3;n facsimilar</subfield>
  </datafield>
  <datafield tag="504" ind1=" " ind2=" ">
    <subfield code="a">Incluye:
Facsimilar</subfield>
  </datafield>
  <datafield tag="505" ind1=" " ind2=" ">
    <subfield code="a">Constituciones francesas
Objeciones
C&#xF3;mo s ehizo la constituci&#xF3;n de los Estados Unidos
Washington y la confederaci&#xF3;n
La confederaci&#xF3;n
Vicios de la Confederaci&#xF3;n
Tartados, territorios, revoluci&#xF3;n de Shays
Decadencia de la confederaci&#xF3;n
Divisi&#xF3;n de poderes
El derecho electoral
La C&#xE1;mara de representantes
El senado
Atribuciones del Congreso
El poder ejecituvo
El poder judicial
Adopci&#xF3;n de la Constituci&#xF3;n
Enmiendas de la Constituci&#xF3;n</subfield>
  </datafield>
  <datafield tag="519" ind1=" " ind2=" ">
    <subfield code="a">Material Complementario / </subfield>
    <subfield code="b">Derecho / </subfield>
    <subfield code="d">(20 003731)</subfield>
  </datafield>
  <datafield tag="650" ind1=" " ind2="0">
    <subfield code="a">ESTADOS UNIDOS</subfield>
    <subfield code="x">HISTORIA</subfield>
  </datafield>
  <datafield tag="650" ind1=" " ind2="0">
    <subfield code="a">INDEPENDENCIA DE LOS ESTADOS UNIDOS DE AM&#xC9;RICA</subfield>
    <subfield code="x">COLONIAS</subfield>
  </datafield>
  <datafield tag="650" ind1=" " ind2="0">
    <subfield code="a">FORMAS DE ESTADO - CONSTITUCI&#xD3;N</subfield>
  </datafield>
  <datafield tag="942" ind1=" " ind2=" ">
    <subfield code="c">LB</subfield>
  </datafield>
</record>
